Valuation and sale price report 2008 (Record no. 108899)
[ view plain ]
| 000 -LEADER | |
|---|---|
| fixed length control field | 01506cad a22002775a 4500 |
| 001 - CONTROL NUMBER | |
| control field | L145751 |
| 008 - FIXED-LENGTH DATA ELEMENTS--GENERAL INFORMATION | |
| fixed length control field | 081105s2008 xxkad f s 000 0 eng d |
| 020 ## - INTERNATIONAL STANDARD BOOK NUMBER | |
| International Standard Book Number | 9781842194430 |
| 035 ## - SYSTEM CONTROL NUMBER | |
| System control number | (Sirsi) u145751 |
| 041 0# - LANGUAGE CODE | |
| Language code of text/sound track or separate title | eng |
| 050 04 - LIBRARY OF CONGRESS CALL NUMBER | |
| Classification number | 333.337 $2 18 |
| 110 2# - MAIN ENTRY--CORPORATE NAME | |
| Corporate name or jurisdiction name as entry element | Investment Property Databank |
| 9 (RLIN) | 2288 |
| 245 00 - TITLE STATEMENT | |
| Title | Valuation and sale price report 2008 |
| Medium | [electronic resource] |
| 260 ## - PUBLICATION, DISTRIBUTION, ETC. | |
| Place of publication, distribution, etc. | London |
| Name of publisher, distributor, etc. | IPD |
| Date of publication, distribution, etc. | 2008 |
| 505 2# - FORMATTED CONTENTS NOTE | |
| Formatted contents note | Executive Summary -- Introduction -- Methodology and measures -- European overview -- France -- Germany -- Netherlands -- UK -- An analysis of 2007 in more detail -- Appendices |
| 520 ## - SUMMARY, ETC. | |
| Summary, etc. | Examines the reasons for, and scale of, variations between sale prices and valuations for commercial property in the UK, France, Germany and the Netherlands. Finds that the proportion of sale prices that fell above preceding Market Adjusted Valuations ranged from 58% in the UK to 78% in the Netherlands. Germany registered an average close to that of the Netherlands, with 76% of assets sold, while French results fell midway between this rate and that of the UK, at 69%. |
| 590 ## - LOCAL NOTE (RLIN) | |
| Local note | KA NTK |
| 651 #4 - SUBJECT ADDED ENTRY--GEOGRAPHIC NAME | |
| Geographic name | United Kingdom |
| Chronological subdivision | |
| 651 #4 - SUBJECT ADDED ENTRY--GEOGRAPHIC NAME | |
| Geographic name | France |
| 651 #4 - SUBJECT ADDED ENTRY--GEOGRAPHIC NAME | |
| Geographic name | Germany |
| Chronological subdivision | 1990- |
| 651 #4 - SUBJECT ADDED ENTRY--GEOGRAPHIC NAME | |
| Geographic name | Netherlands |
| 690 ## - LOCAL SUBJECT ADDED ENTRY--TOPICAL TERM (OCLC, RLIN) | |
| Topical term or geographic name as entry element | PROPERTY-PROPERTY APPRAISAL AND VALUATION |
| 710 1# - ADDED ENTRY--CORPORATE NAME | |
| Corporate name or jurisdiction name as entry element | Royal Institution of Chartered Surveyors |
| 9 (RLIN) | 4900 |
| 856 40 - ELECTRONIC LOCATION AND ACCESS | |
| Uniform Resource Identifier | <a href="https://www.rics.org/Global/Downloads/430_Valuation_And_Sale_Pricefinal.pdf">https://www.rics.org/Global/Downloads/430_Valuation_And_Sale_Pricefinal.pdf</a> |
| Public note | View this report free of charge at www.rics.org... |
| 942 ## - ADDED ENTRY ELEMENTS (KOHA) | |
| Suppress in OPAC | 0 |
| Withdrawn status | Lost status | Source of classification or shelving scheme | Damaged status | Not for loan | Home library | Current library | Shelving location | Date acquired | Total Checkouts | Full call number | Barcode | Date last seen | Copy number | Price effective from | Koha item type |
|---|---|---|---|---|---|---|---|---|---|---|---|---|---|---|---|
| Dewey Decimal Classification | Virtual | Virtual | Online | 05/11/2008 | ONLINE PUBLICATION | 145751-2001 | 06/08/2019 | 1 | 06/08/2019 | Book |